| 000 | 01347nam a2200277Ia 4500 | ||
|---|---|---|---|
| 001 | ebr10068536 | ||
| 003 | CaPaEBR | ||
| 006 | m u | ||
| 007 | cr cn||||||||| | ||
| 008 | 030402s2002 dcua sb 000 0 eng d | ||
| 010 | _z 2003267731 | ||
| 020 | _z030908489X | ||
| 040 |
_aCaPaEBR _cCaPaEBR |
||
| 035 | _a(OCoLC)150645773 | ||
| 050 | 1 | 4 |
_aQE599.U5 _bA87 2002eb |
| 245 | 0 | 0 |
_aAssessment of proposed partnerships to implement a national landslide hazards mitigation strategy _h[electronic resource] : _binterim report / _cCommittee on the Review of National Landslide Hazards Mitigation Strategy, Board on Earth Sciences and Resources, Division on Earth and Life Studies, National Research Council. |
| 260 |
_aWashington, D.C. : _bNational Academy Press, _cc2002. |
||
| 300 |
_aix, 23 p. : _bill. |
||
| 504 | _aIncludes bibliographical references (p. 13). | ||
| 533 |
_aElectronic reproduction. _bPalo Alto, Calif. : _cebrary, _d2005. _nAvailable via World Wide Web. _nAccess may be limited to ebrary affiliated libraries. |
||
| 650 | 0 |
_aLandslide hazard analysis _zUnited States. |
|
| 650 | 0 |
_aHazard mitigation _zUnited States. |
|
| 655 | 7 |
_aElectronic books. _2local |
|
| 710 | 2 | _aebrary, Inc. | |
| 856 | 4 | 0 |
_uhttp://site.ebrary.com/lib/rucke/Doc?id=10068536 _zAn electronic book accessible through the World Wide Web; click to view |
| 999 |
_c28628 _d28628 |
||